00556nam a2200193Ia 450000500170000000800410001708200080005810000230006624500250008926000440011430000230015865000150018165000140019665000120021065000230022294200060024595200960025199900150034720250213052528.0240331s9999 xx 000 0 und d bSOC aAgenda Publication 0aSocialist Revolution aCaliforniabAgenda Publishing Co.c1975 a144 p., (Volume 5) aRevolution aSocialism aMarxism aSocialist Feminism cL 001040708LaWERCLbWERCLcSSCd2024-03-31l0o 305.4 SOCp149r2024-03-31w2024-03-31yL c4771d4771